Frostfire / (Record no. 31143)

MARC details
000 -LEADER
fixed length control field 01441cam a2200397 i 4500
001 - CONTROL NUMBER
control field ocn857982281
003 - CONTROL NUMBER IDENTIFIER
control field OCoLC
005 - DATE AND TIME OF LATEST TRANSACTION
control field 20250905054239.0
008 - FIXED-LENGTH DATA ELEMENTS--GENERAL INFORMATION
fixed length control field 140905s2015 nyu d 000 1 eng
010 ## - LIBRARY OF CONGRESS CONTROL NUMBER
LC control number 2014032294
020 ## - INTERNATIONAL STANDARD BOOK NUMBER
International Standard Book Number 9781250049827 (paperback)
020 ## - INTERNATIONAL STANDARD BOOK NUMBER
International Standard Book Number 1250049822 (paperback)
020 ## - INTERNATIONAL STANDARD BOOK NUMBER
International Standard Book Number 9781250066084 (hardcover)
020 ## - INTERNATIONAL STANDARD BOOK NUMBER
International Standard Book Number 1250066085 (hardcover)
020 ## - INTERNATIONAL STANDARD BOOK NUMBER
Canceled/invalid ISBN 9781466850774 (e-book)
035 ## - SYSTEM CONTROL NUMBER
System control number (OCoLC)857982281
035 ## - SYSTEM CONTROL NUMBER
System control number 1250624
040 ## - CATALOGING SOURCE
Original cataloging agency DLC
Language of cataloging eng
Description conventions rda
Transcribing agency DLC
Modifying agency IG#
-- BTCTA
-- BDX
-- UPZ
-- JBL
042 ## - AUTHENTICATION CODE
Authentication code pcc
-- lcac
100 1# - MAIN ENTRY--PERSONAL NAME
Personal name Hocking, Amanda.
245 10 - TITLE STATEMENT
Title Frostfire /
Statement of responsibility, etc. Amanda Hocking.
250 ## - EDITION STATEMENT
Edition statement First edition.
264 #1 - PRODUCTION, PUBLICATION, DISTRIBUTION, MANUFACTURE, AND COPYRIGHT NOTICE
Place of production, publication, distribution, manufacture New York :
Name of producer, publisher, distributor, manufacturer St. Martin's Griffin,
Date of production, publication, distribution, manufacture, or copyright notice 2015.
300 ## - PHYSICAL DESCRIPTION
Extent 321 pages ;
Dimensions 21 cm.
336 ## - CONTENT TYPE
Content type term text
Source rdacontent.
337 ## - MEDIA TYPE
Media type term unmediated
Source rdamedia.
338 ## - CARRIER TYPE
Carrier type term volume
Source rdacarrier.
490 1# - SERIES STATEMENT
Series statement The Kanin chronicles ;
Volume/sequential designation book 1.
520 ## - SUMMARY, ETC.
Summary, etc. Tracker Bryn Aven's goal of becoming a member of the elite King's Guard is threatened when she is sent to stop Konstantin, a fallen hero who she once secretly loved, who appears to be kidnapping changelings.
650 #0 - SUBJECT ADDED ENTRY--TOPICAL TERM
Topical term or geographic name as entry element Young adult fiction.
655 #7 - INDEX TERM--GENRE/FORM
Genre/form data or focus term Fantasy fiction.
Source of term lcgft.
800 1# - SERIES ADDED ENTRY--PERSONAL NAME
Personal name Hocking, Amanda.
Title of a work Kanin chronicles ;
Volume/sequential designation bk. 1.
856 42 - ELECTRONIC LOCATION AND ACCESS
Materials specified Cover image
Uniform Resource Identifier <a href="http://www.netread.com/jcusers2/bk1388/827/9781250049827/image/lgcover.9781250049827.jpg">http://www.netread.com/jcusers2/bk1388/827/9781250049827/image/lgcover.9781250049827.jpg</a>
907 ## - LOCAL DATA ELEMENT G, LDG (RLIN)
a .b32812557x
942 ## - ADDED ENTRY ELEMENTS (KOHA)
Koha item type Libro/Book
Holdings
Withdrawn status Lost status Damaged status Not for loan Home library Current library Date acquired Total Checkouts Full call number Barcode Date last seen Price effective from Koha item type
        San Juan Del Sur -- Biblioteca San Juan Del Sur -- Biblioteca 22/09/2025   F 30023406 22/09/2025 22/09/2025 Libro/Book

Powered by Koha